VCU Basketball: Top 10 All-Time Leaders - Statistics

General Stats
  • This quiz has been taken 10 times
    9 since last reset
  • The average score is 39 of 90
Answer Stats
Category # Player Amount % Correct
Assists 9 Ace Baldwin Jr. 419
86%
Steals 8 Ace Baldwin Jr. 183
86%
Points 4 Bradford Burgess 1,684
86%
Rebounds 9 Bradford Burgess 734
86%
Three Pointers Made 4 Bradford Burgess 231
86%
Games T1 Bradford Burgess 146
86%
Steals 1 Brianté Weber 374
86%
Points 1 Eric Maynor 1,953
86%
Assists 1 Eric Maynor 674
86%
Steals 10 Eric Maynor 168
86%
Points Per Game 6 Eric Maynor 15.0
86%
Blocks 3 Mo Alie-Cox 255
86%
Games T5 Mo Alie-Cox 142
86%
Assists 7 Darius Theus 460
71%
Steals 4 Darius Theus 236
71%
Games T1 Darius Theus 146
71%
Assists 6 JeQuan Lewis 505
71%
Steals 5 JeQuan Lewis 205
71%
Three Pointers Made 9 JeQuan Lewis 189
71%
Games 7 JeQuan Lewis 141
71%
Assists 3 Joey Rodriguez 580
71%
Steals 3 Joey Rodriguez 237
71%
Three Pointers Made 5 Joey Rodriguez 211
71%
Games T5 Joey Rodriguez 142
71%
Rebounds 3 Justin Tillman 922
71%
Field Goal Percent 1 Justin Tillman 57.2%
71%
Rebounds 6 Larry Sanders 776
71%
Blocks 2 Larry Sanders 277
71%
Field Goal Percent 7 Larry Sanders 52.0%
71%
Points 5 Melvin Johnson 1,657
71%
Three Pointers Made 1 Melvin Johnson 285
71%
Games T8 Melvin Johnson 140
71%
Points 2 Treveon Graham 1,882
71%
Rebounds 5 Treveon Graham 805
71%
Three Pointers Made 6 Treveon Graham 200
71%
Games T8 Treveon Graham 140
71%
Three Pointers Made 3 Troy Daniels 251
71%
Points Per Game 7 Gerald Henderson 15.0
57%
Rebounds 4 Juvonte Reddic 894
57%
Blocks 8 Juvonte Reddic 123
57%
Field Goal Percent 6 Juvonte Reddic 52.6%
57%
Games 4 Juvonte Reddic 143
57%
Three Pointers Made 8 Brandon Rozzell 193
43%
Three Pointers Made 7 De'Riante Jenkins 196
43%
Games T8 Ed Nixon 140
43%
Points 3 Kendrick Warren 1,858
29%
Rebounds 2 Kendrick Warren 1,049
29%
Blocks 5 Kendrick Warren 183
29%
Field Goal Percent 4 Kendrick Warren 53.2%
29%
Points Per Game 2 Kendrick Warren 17.5
29%
Field Goal Percent 5 Michael Brown 52.8%
29%
Points 10 Nick George 1,546
29%
Rebounds 10 Nick George 703
29%
Games 3 Rob Brandenberg 145
29%
Assists 4 Rolando Lamb 378
29%
Steals 2 Rolando Lamb 257
29%
Points Per Game 3 Willie Taylor 15.7
29%
Three Pointers Made 2 B.A. Walker 269
14%
Points Per Game 5 Bernard Hopkins 15.1
14%
Three Pointers Made 10 Bo Jones 182
14%
Points Per Game 4 Bo Jones 15.2
14%
Points 8 Calvin Duncan 1,614
14%
Assists 8 Calvin Duncan 434
14%
Points 7 Domonic Jones 1,616
14%
Steals 9 Doug Brooks 170
14%
Assists 2 Edmund Sherod 582
14%
Steals 6 Edmund Sherod 202
14%
Field Goal Percent 10 Edmund Sherod 48.1%
14%
Rebounds 7 Ken Stancell 744
14%
Blocks 9 Ken Stancell 117
14%
Field Goal Percent 9 Ken Stancell 48.5%
14%
Rebounds 1 Lorenza Watson 1,143
14%
Blocks 1 Lorenza Watson 391
14%
Field Goal Percent 2 Lorenza Watson 54.7%
14%
Rebounds 8 Mike Schlegel 743
14%
Points 9 Monty Knight 1,549
14%
Field Goal Percent 8 Monty Knight 51.0%
14%
Points Per Game 8 Monty Knight 13.8
14%
Points 6 Phil Stinnie 1,645
14%
Points Per Game 9 Phil Stinnie 13.8
14%
Blocks 7 Ren Watson 127
14%
Points Per Game 1 Chris Cheeks 20.2
0%
Field Goal Percent 3 Danny Kottak 53.4%
0%
Blocks 10 George Byrd 116
0%
Assists 5 Lamar Taylor 527
0%
Steals 7 Lamar Taylor 193
0%
Blocks 4 L.F. Likcholitov 207
0%
Assists 10 Sherman Hamilton 417
0%
Blocks 6 Sherron Mills 134
0%
Points Per Game 10 Tom Motley 13.6
0%
No matching quizzes found
Score Distribution
Percent of People with Each Score
Percentile by Number Answered
Your Score History
You have not taken this quiz since the last reset